000 00560nam a2200205 a 4500
001 5661
003 CO-ViMGA
008 141112s2004 ck r 000 u spa d
020 _a9583500909
040 _aCO-ViMGA
_bspa
_cCO-ViMGA
082 0 4 _a343.04 V152c
100 1 _aValdes Acosta, Ramón
_94081
245 1 0 _aCurso de derecho tributario /
_cRamón Valdés Costa
250 _a2a
260 _aSantafé de Bogotá :
_bTemis,
_c1996
300 _a386 p. 23 cm
650 1 4 _aDERECHO FISCAL
_94082
650 1 4 _aDERECHO TRIBUTARIO
_952985
942 _2ddc
_cBK
999 _c17642
_d17642